=LDR 00000nam 2200000 4500 =001 INLIS000000000005911 =005 20130612094109 =008 ***********************************Ind** =035 ##$$0010-061300000005911 =041 ##$$a Ind =082 ##$$a 123.5 =090 ##$$a 123.5, Fro l =100 ##$$a Fromm, Erich =245 ##$$a Lari dari kebebasan, Eric Fromm =260 ##$$a 1997 $b Yogyakarta =300 ##$$a viii, 310 hlm., 22 cm =650 ##$$a Psikologi-Kebabasan =700 ##$$a Kemdani =850 ##$$a NBPNMAT